| 000 | 00429nam a2200181Ia 4500 | ||
|---|---|---|---|
| 005 | 20250423094414.0 | ||
| 008 | 250422s9999 xx 000 0 und d | ||
| 020 | _a978- 0- 3- 1241563- 1 | ||
| 050 | _aE 178.1 .H5/ | ||
| 100 | _aHenretta, James A. | ||
| 245 | 0 | _aAmerica : a concise history | |
| 250 | _a3rd ed. | ||
| 260 | _aBoston | ||
| 260 | _bBedford/ St. Martins | ||
| 260 | _c2006 | ||
| 300 | _a471 p | ||
| 942 | _cBK | ||
| 999 |
_c27139 _d27139 |
||